Statystyki dla Najczęściej odwiedzane miasta

Kliknij tutaj aby rozwiązać quiz!

Ogólne statystyki

  • Ten quiz został rozwiązany 4 037 razy
  • Średni wynik to 8 z 20

Statystyki odpowiedzi

PozycjaMiasto% Poprawnych
3Paryż
94%
2Londyn
86%
5Nowy Jork
80%
16Rzym
79%
9Tokio
71%
12Barcelona
70%
20Praga
36%
18Wiedeń
36%
8Stambuł
35%
14Mediolan
33%
4Dubaj
31%
19Szanghaj
30%
13Amsterdam
30%
10Seul
24%
11Hong Kong
22%
6Singapur
18%
1Bangkok
17%
7Kuala Lumpur
6%
17Osaka
6%
15Tajpej
3%

Rozkład punktacji

Percentyl według liczby udzielonych odpowiedzi

Procent ludzi z każdym wynikiem

Twoja historia wyników

Nie rozwiązałeś tego quizu